| 000 | 00648nam a2200217Ia 4500 | ||
|---|---|---|---|
| 003 | IN-BaIIA | ||
| 008 | 211028s9999 xx 000 0 eng d | ||
| 020 | _a3-540-67874-3 | ||
| 040 | _cIIA Library | ||
| 080 |
_a52-732 _bTHE |
||
| 245 | 4 |
_aThe Universe in gamma rays _cedited by V. Schonfelder and M. J. Sparnaay |
|
| 260 |
_aBerlin _bSpringer-Verlag _c2001 |
||
| 300 | _axiv, 407p. | ||
| 490 | _aAstronomy and astrophysics library | ||
| 650 |
_aGamma ray bursts _910403 |
||
| 650 |
_aGamma ray pulsars _925237 |
||
| 650 | _aNucleosynthesis | ||
| 650 |
_aSun-gamma ray source _925238 |
||
| 700 |
_aSchonfelder, V., ed. _925239 |
||
| 942 | _cBK | ||
| 999 |
_c14271 _d14271 |
||